000 00801cab a2200205 4500
001 ABS39637
008 090401t1988 xxu||||| |||| 00| 0 eng d
035 _a(Sirsi) u17913
041 _aeng
100 _aBullock, K.
245 _aMinerals planning - a matter for concern
260 _c1988
350 _a0
490 _aSurveying Technician
_v16(6) August/September 1988, 8-9(2)
520 _aExamines planning control over mineral workings which was the subject of a detailed study chaired by Sir Roger Stevens in 1976, many of whose recommendations were incorporated in the Town and Country Planning (Minerals) Act 1981 . Discusses the provisions of the act both in theory and practice.
690 _aMINING AND MINERALS
700 _aNicholson, B.
942 _n0
948 _c04/03/1997
999 _c11881
_d11881